Statistics for Most Spoken Languages in Oklahoma

Click here to take the quiz!

General Stats

  • This quiz has been taken 68 times
  • The average score is 9 of 14

Answer Stats

# SpeakersLanguage% Correct
201,254Spanish
98%
4,908French
90%
10,744German
88%
6,036Chinese
81%
3,691Arabic
71%
2,038Japanese
71%
4,577Korean
71%
2,162Hindi
68%
3,165Tagalog
64%
14,116Vietnamese
61%
3,776Cherokee
53%
2,132Persian
44%
2,538Hmong
31%
2,318Malayalam
5%

Score Distribution

Percentile by Number Answered

Percent of People with Each Score

Your Score History

You have not taken this quiz